000
00195 a2200097 4500
001
8410
090
_c
6780
_d
6780
100
_a
Dobre
245
_a
Modern Prose style (Transfered to SOA)
260
_b
Oxford
942
_a
NUST-CAE
999
_c
243483
_d
243483